[Event "Sparkassen-Open B"]
[Site "Heusenstamm, Martinsee"]
[Date "2019.11.24"]
[Round "7.28"]
[White "Friedel, Thomas"]
[Black "Kosak, Karolina"]
[Result "1-0"]
[WhiteElo "1631"]
[BlackElo "1207"]
[PlyCount "71"]
[EventDate "2019.??.??"]
[WhiteTeam "SV Groß-Gerau"]
[BlackTeam "SV Frankfurt Nord"]

1. e4 e5 2. Nf3 Nc6 3. Bc4 Bc5 4. d3 Nf6 5. O-O d6 6. c3 Bd7 7. a4 a6 8. Bg5 h6
9. Bh4 g5 10. Bg3 Qe7 11. Nbd2 Nh5 12. b4 Ba7 13. Nxe5 Nxg3 14. Nxc6 Bxc6 15.
hxg3 h5 16. d4 h4 17. Qf3 f6 18. b5 Bd7 19. g4 a5 20. Rfe1 O-O-O 21. Nb3 Bb6
22. Bf1 c6 23. c4 Qe6 24. c5 dxc5 25. dxc5 Bc7 26. Be2 b6 27. cxb6 Bxb6 28.
bxc6 Bxc6 29. Qc3 Rd6 30. Bb5 Kd7 31. Nc5+ Bxc5 32. Qxc5 Ra8 33. e5 Rd5 34.
Rad1 Rxd1 35. Rxd1+ Kc7 36. Rd6 1-0

[Event "Sparkassen-Open B"]
[Site "Heusenstamm, Martinsee"]
[Date "2019.11.24"]
[Round "7.29"]
[White "Kuchta, Maksim"]
[Black "Ramien, Hannah"]
[Result "0-1"]
[WhiteElo "1308"]
[BlackElo "1429"]
[PlyCount "76"]
[EventDate "2019.??.??"]
[WhiteTeam "SC Heusenstamm"]
[BlackTeam "SG Porz"]

1. e4 e5 2. Nf3 Nc6 3. d4 exd4 4. Nxd4 Bb4+ 5. c3 Bc5 6. Be3 Bb6 7. Bc4 Nf6 8.
Nd2 O-O 9. O-O Re8 10. Nxc6 dxc6 11. Bxb6 cxb6 12. f3 b5 13. Be2 Qb6+ 14. Kh1
Bd7 15. Nb3 Rad8 16. Qc2 b4 17. Rad1 Be6 18. Nd4 Bc8 19. Bc4 bxc3 20. Qxc3 c5
21. Ne2 Rxd1 22. Rxd1 Rd8 23. Rxd8+ Qxd8 24. Qd3 Qxd3 25. Bxd3 a6 26. Kg1 Be6
27. b3 b5 28. Bc2 Kf8 29. Kf2 Ke7 30. Ke3 Kd7 31. e5 Nd5+ 32. Ke4 g6 33. Nf4
Nc3+ 34. Ke3 Nxa2 35. Nxe6 Kxe6 36. f4 Nb4 37. Bd1 Nd5+ 38. Ke4 Nc3+ 0-1

[Event "Sparkassen-Open B"]
[Site "Heusenstamm, Martinsee"]
[Date "2019.11.24"]
[Round "7.30"]
[White "de Boer, Alex"]
[Black "Traut, Stefan"]
[Result "1-0"]
[WhiteElo "1094"]
[BlackElo "1585"]
[PlyCount "77"]
[EventDate "2019.??.??"]
[WhiteTeam "SK Bickenbach"]
[BlackTeam "SF Heusenstamm"]

1. e4 c5 2. Nf3 d6 3. d4 cxd4 4. Nxd4 Nf6 5. Nc3 g6 6. Be3 Bg7 7. Bb5+ Bd7 8.
O-O O-O 9. Qd2 a6 10. Ba4 b5 11. Bb3 Nc6 12. Nxc6 Bxc6 13. Bd5 Rc8 14. a3 Qc7
15. Bh6 e6 16. Bxc6 Qxc6 17. Bxg7 Kxg7 18. Rfe1 Rfd8 19. Re3 Rd7 20. Rae1 d5
21. e5 Ng8 22. Rd3 Rcd8 23. Rd1 Qc7 24. Qf4 Qb7 25. Qh4 h6 26. Rd4 Qc7 27. Qg3
Rc8 28. Qf4 Qd8 29. R1d2 Qe7 30. Ne4 Rc6 31. Nd6 Rdc7 32. c3 f6 33. Re2 f5 34.
Re3 g5 35. Qf3 g4 36. Qf4 Qf8 37. h3 Kh7 38. hxg4 fxg4 39. Qxf8 1-0

[Event "Sparkassen-Open B"]
[Site "Heusenstamm, Martinsee"]
[Date "2019.11.24"]
[Round "7.31"]
[White "Plattner, Rolf"]
[Black "Moldenhauer, Lennart"]
[Result "1/2-1/2"]
[WhiteElo "1787"]
[BlackElo "1511"]
[PlyCount "38"]
[EventDate "2019.??.??"]
[WhiteTeam "SK Langen"]
[BlackTeam "SV Oberursel"]

1. e4 g6 2. d4 Bg7 3. c4 d6 4. Nc3 e5 5. d5 f5 6. Nf3 Nf6 7. Bd3 Na6 8. b4 O-O
9. a3 Bd7 10. Bd2 f4 11. h3 c5 12. dxc6 Bxc6 13. Qe2 Bd7 14. Nd5 Nc7 15. Rc1
Rc8 16. O-O h6 17. Bc3 g5 18. c5 Ncxd5 19. exd5 Nxd5 1/2-1/2

[Event "Sparkassen-Open B"]
[Site "Heusenstamm, Martinsee"]
[Date "2019.11.24"]
[Round "7.32"]
[White "Gnandt, Michael"]
[Black "Lorenz, Alexander"]
[Result "1/2-1/2"]
[WhiteElo "1434"]
[BlackElo "1759"]
[PlyCount "58"]
[EventDate "2019.??.??"]
[WhiteTeam "SV Steinhausen"]
[BlackTeam "SV Bergwinkel"]

1. e4 c5 2. Bc4 d6 3. Nf3 Nf6 4. Nc3 g6 5. d3 Bg7 6. Nd5 O-O 7. O-O Nc6 8. a3
Bg4 9. h3 Bxf3 10. Qxf3 Ne5 11. Nxf6+ Bxf6 12. Qe2 Nxc4 13. dxc4 Re8 14. Qd3
Qb6 15. Rb1 Qc6 16. b3 a6 17. Bb2 Bxb2 18. Rxb2 a5 19. a4 Rf8 20. Ra1 f5 21.
Qd5+ Qxd5 22. exd5 e5 23. dxe6 Rae8 24. Re1 Rf6 25. Rbb1 Rfxe6 26. Rxe6 Rxe6
27. Kf1 Kf7 28. Rd1 Kf6 29. f4 h5 1/2-1/2

[Event "Sparkassen-Open B"]
[Site "Heusenstamm, Martinsee"]
[Date "2019.11.24"]
[Round "7.33"]
[White "Peschk, Kathrin"]
[Black "Taskor, Erkan"]
[Result "0-1"]
[WhiteElo "1411"]
[BlackElo "1730"]
[PlyCount "140"]
[EventDate "2019.??.??"]
[WhiteTeam "SV Groß-Gerau"]
[BlackTeam "Niederräder TG"]

1. e4 e6 2. d4 d5 3. exd5 exd5 4. Bd3 Nc6 5. c3 Bd6 6. Nf3 Nge7 7. Be3 Bg4 8.
Nbd2 O-O 9. Qc2 Ng6 10. O-O Re8 11. Rfe1 Qd7 12. Bg5 Nce7 13. Bxe7 Rxe7 14.
Rxe7 Qxe7 15. Re1 Qf6 16. h3 Bd7 17. Qb3 Rb8 18. Qxd5 Bc6 19. Qb3 Nf4 20. Qc2
Nxh3+ 21. gxh3 Bxf3 22. Nxf3 Qxf3 23. Re3 Qh5 24. Qe2 Qg5+ 25. Kf1 Kf8 26. Qg4
Bf4 27. Qxg5 Bxg5 28. Re2 Rd8 29. Kg2 c5 30. Re5 Be7 31. Be4 cxd4 32. cxd4 Rxd4
33. Bxb7 Rb4 34. Ba6 Rxb2 35. Bc4 Bd8 36. Bb5 Be7 37. Bc4 Rc2 38. Bb3 Rc7 39.
Rb5 Bc5 40. Ba4 Bb6 41. Re5 g6 42. Bb3 Rd7 43. Re2 Kg7 44. Kg3 h5 45. f3 Bc7+
46. Kg2 Bf4 47. Rc2 Re7 48. Rf2 h4 49. Rc2 Re5 50. Rc4 Rg5+ 51. Kf1 Rf5 52. Ra4
Be3 53. Rxh4 Rxf3+ 54. Ke2 Rg3 55. Re4 Bc5 56. Rf4 f5 57. Rf3 Rg2+ 58. Kd3 Kf6
59. Kc4 Bb6 60. Rd3 Ke5 61. Rd5+ Ke4 62. Rd3 f4 63. Rd6 f3 64. Re6+ Kf4 65.
Rf6+ Ke3 66. Re6+ Kd2 67. Rd6+ Ke2 68. Bd1+ Kf2 69. Rf6 Rg3 70. Kd3 Kg2 0-1

[Event "Sparkassen-Open B"]
[Site "Heusenstamm, Martinsee"]
[Date "2019.11.24"]
[Round "7.34"]
[White "Althaus, Lennart"]
[Black "Merz, Julian"]
[Result "1-0"]
[WhiteElo "1690"]
[BlackElo "1422"]
[PlyCount "83"]
[EventDate "2019.??.??"]
[WhiteTeam "TV-Großostheim"]
[BlackTeam "Schachforum Darmstadt"]

1. c4 c5 2. Nc3 Nc6 3. g3 Nf6 4. Bg2 g6 5. e3 Bg7 6. Nge2 O-O 7. d4 e6 8. O-O
b6 9. d5 exd5 10. Nxd5 Ba6 11. Qc2 Nxd5 12. cxd5 Nb8 13. Re1 Bb7 14. Bd2 d6 15.
Bc3 Bh6 16. f4 Re8 17. e4 Nd7 18. Rad1 Qe7 19. b4 Nf6 20. bxc5 bxc5 21. Nc1
Rab8 22. Nb3 Bg7 23. Qb2 Red8 24. Bxf6 Bxf6 25. e5 dxe5 26. fxe5 Bg7 27. d6 Qe8
28. Nxc5 Bf3 29. d7 Qe7 30. Qc2 Bxd1 31. Rxd1 Bxe5 32. Bc6 Bc7 33. Na6 Qe5 34.
Nxb8 Rxb8 35. Qa4 Bd8 36. Kh1 Rb2 37. Qxa7 Qe2 38. Qg1 Rxa2 39. Re1 Qc2 40. Bd5
Bb6 41. d8=Q+ Bxd8 42. Bxa2 1-0

[Event "Sparkassen-Open B"]
[Site "Heusenstamm, Martinsee"]
[Date "2019.11.24"]
[Round "7.35"]
[White "Ilievski, Kosto"]
[Black "Brunner, Andreas"]
[Result "1/2-1/2"]
[WhiteElo "1678"]
[BlackElo "1449"]
[PlyCount "61"]
[EventDate "2019.??.??"]
[WhiteTeam "SC Groß-Zimmern"]
[BlackTeam "Berkershm"]

1. d4 Nf6 2. c4 e6 3. Nc3 d5 4. Nf3 c6 5. Bg5 Nbd7 6. e3 Be7 7. Be2 O-O 8. O-O
a6 9. h3 b5 10. cxd5 cxd5 11. Bxf6 Nxf6 12. a3 Bb7 13. Ne5 Rc8 14. Rc1 Ba8 15.
Ng4 Nxg4 16. Bxg4 f5 17. Be2 f4 18. Bd3 fxe3 19. fxe3 Rxf1+ 20. Qxf1 Qf8 21.
Qxf8+ Rxf8 22. Rf1 Rxf1+ 23. Kxf1 h6 24. g4 Bb7 25. Kf2 Bf6 26. b3 e5 27. dxe5
Bxe5 28. Ne2 Kf7 29. Nd4 Kf6 30. a4 b4 31. h4 1/2-1/2

[Event "Sparkassen-Open B"]
[Site "Heusenstamm, Martinsee"]
[Date "2019.11.24"]
[Round "7.36"]
[White "Hahnenstein, Leon"]
[Black "Griesfeller, Sven"]
[Result "1/2-1/2"]
[WhiteElo "1449"]
[BlackElo "1518"]
[PlyCount "45"]
[EventDate "2019.??.??"]
[WhiteTeam "SC Herborn"]
[BlackTeam "SV Büdingen-Ortenberg"]

1. e4 Nf6 2. Nc3 e5 3. Nf3 Nc6 4. Bc4 d6 5. d3 Be7 6. h3 O-O 7. O-O Na5 8. Bb3
Nxb3 9. axb3 c6 10. Be3 a5 11. Qd2 Nd7 12. Ra2 f5 13. exf5 Rxf5 14. d4 d5 15.
Raa1 e4 16. Nh2 Nf8 17. f3 exf3 18. Nxf3 Ng6 19. Ne2 Qc7 20. Bf2 Nf4 21. Nxf4
Qxf4 22. Qxf4 Rxf4 23. Rae1 1/2-1/2

[Event "Sparkassen-Open B"]
[Site "Heusenstamm, Martinsee"]
[Date "2019.11.24"]
[Round "7.37"]
[White "Baumann, Ralf-Rüdiger"]
[Black "Dixon, Laura Michaela"]
[Result "1-0"]
[WhiteElo "1600"]
[BlackElo "1272"]
[PlyCount "151"]
[EventDate "2019.??.??"]
[WhiteTeam "SVG Konstanz"]
[BlackTeam "VSG Offenbach"]

1. e4 e5 2. Nf3 Nc6 3. Bc4 Bc5 4. c3 Nf6 5. d3 d6 6. O-O Bg4 7. Nbd2 O-O 8. Re1
h6 9. h3 Bh5 10. Nf1 Nh7 11. Ng3 Bg6 12. a4 a5 13. Bb3 Kh8 14. Be3 Bxe3 15.
Rxe3 f5 16. exf5 Bxf5 17. Nxf5 Rxf5 18. Qd2 Qf6 19. Rae1 Rf8 20. Rf1 g5 21. d4
exd4 22. Re6 Qg7 23. cxd4 R5f6 24. Rfe1 Rxe6 25. Rxe6 Rf6 26. Re3 b6 27. Nh2
Rf4 28. Re8+ Rf8 29. Qe3 Nxd4 30. Re7 Qf6 31. Ng4 Nf3+ 32. gxf3 Qxf3 33. Qxf3
Rxf3 34. Bc2 Nf6 35. Nxf6 Rxf6 36. Rxc7 Rf8 37. Rh7+ Kg8 38. Rxh6 Rd8 39. Rg6+
Kf7 40. Rxg5 Kf6 41. Rb5 Rb8 42. b4 axb4 43. Rxb4 Rc8 44. Be4 Ke5 45. f3 d5 46.
Bb1 Rc4 47. Rxb6 Rxa4 48. Kg2 Kf4 49. Rb3 d4 50. h4 Ra8 51. Be4 Rh8 52. Kh3 Rg8
53. h5 Rg1 54. Bg6 Ke5 55. Rd3 Rg5 56. Kh4 Rg1 57. f4+ Kxf4 58. Rxd4+ Ke5 59.
Re4+ Kf6 60. Rf4+ Kg7 61. Rf7+ Kh8 62. Be4 Rg7 63. Rf6 Rg1 64. Rg6 Ra1 65. Kg5
Ra5+ 66. Kh6 Rb5 67. Rg7 Rb6+ 68. Bg6 Ra6 69. Rc7 Ra8 70. Rh7+ Kg8 71. Bf7+ Kf8
72. Rh8+ Kxf7 73. Rxa8 Kf6 74. Kh7 Kf7 75. h6 Kf6 76. Kg8 1-0

[Event "Sparkassen-Open B"]
[Site "Heusenstamm, Martinsee"]
[Date "2019.11.24"]
[Round "7.38"]
[White "Welther, Patrick"]
[Black "Klein, Simon"]
[Result "1-0"]
[WhiteElo "1586"]
[BlackElo "1371"]
[PlyCount "91"]
[EventDate "2019.??.??"]
[WhiteTeam "SC Gelnhausen"]
[BlackTeam "SK Hungen"]

1. Nf3 d6 2. g3 e5 3. d3 Bf5 4. Bg2 Nc6 5. c4 Qd7 6. Nc3 Nf6 7. Qb3 Rb8 8. Bg5
Be7 9. Bxf6 Bxf6 10. Nd5 Bd8 11. h4 Ne7 12. e4 Nxd5 13. cxd5 Bg4 14. Nd2 Bh5
15. f3 f6 16. Bh3 Qe7 17. Qb5+ Kf8 18. g4 Be8 19. Qb4 Qd7 20. a4 c6 21. dxc6
Qxc6 22. Nc4 Be7 23. Qd2 Qa6 24. Ke2 Bd7 25. Ne3 Kf7 26. Nd5 Bd8 27. f4 Bc6 28.
g5 Bxd5 29. exd5 e4 30. Bf5 exd3+ 31. Qxd3 Re8+ 32. Be6+ Kf8 33. b4 Qxd3+ 34.
Kxd3 Bb6 35. a5 Bf2 36. Raf1 Bg3 37. Rf3 Bxf4 38. Rxf4 Ke7 39. gxf6+ gxf6 40.
Rg1 Rh8 41. Rg7+ Kd8 42. Rxf6 b6 43. Rxa7 bxa5 44. bxa5 Rb4 45. Ra8+ Ke7 46.
Rf7# 1-0

[Event "Sparkassen-Open B"]
[Site "Heusenstamm, Martinsee"]
[Date "2019.11.24"]
[Round "7.39"]
[White "Schmid, Leon"]
[Black "Fuchs, Henrik"]
[Result "0-1"]
[WhiteElo "1546"]
[BlackElo "1348"]
[PlyCount "132"]
[EventDate "2019.??.??"]
[WhiteTeam "SF Heidesheim"]
[BlackTeam "SC Bad Soden"]

1. d4 d5 2. Bf4 Nf6 3. e3 Nc6 4. Bd3 e6 5. Nd2 Bd6 6. Bxd6 Qxd6 7. Ngf3 O-O 8.
O-O b6 9. c4 a5 10. cxd5 Qxd5 11. a3 Ba6 12. Bxa6 Rxa6 13. Rc1 Rc8 14. Qe2 Raa8
15. Rc3 Ne7 16. Rfc1 c6 17. e4 Qd8 18. Nc4 c5 19. dxc5 Rxc5 20. h3 Rac8 21. Rd1
Qc7 22. Qd3 h6 23. Nd6 Rxc3 24. bxc3 Rd8 25. e5 Ne8 26. Nd4 Nxd6 27. Nb5 Nxb5
28. Qxd8+ Qxd8 29. Rxd8+ Kh7 30. Rb8 Nxa3 31. Rxb6 Nd5 32. Ra6 Nc4 33. Rc6 Nxe5
34. Rc5 Ng6 35. c4 Nb6 36. Rc6 Nd7 37. Ra6 Nge5 38. Rxa5 Nxc4 39. Ra7 Nde5 40.
Rc7 Nd6 41. Rc5 f6 42. Ra5 g5 43. g4 Kg6 44. Kg2 h5 45. Ra4 Nd3 46. Kg3 h4+ 47.
Kf3 Nf4 48. Ra6 Nf7 49. Ke3 e5 50. Kd2 Nxh3 51. Ke1 Nh6 52. Kf1 Nxg4 53. Kg2
Nf4+ 54. Kg1 h3 55. f3 Ne3 56. Kh1 Kf5 57. Kh2 Nf1+ 58. Kh1 Ne2 59. f4 Neg3+
60. Kg1 h2+ 61. Kf2 h1=Q 62. Rxf6+ Kxf6 63. fxg5+ Kxg5 64. Ke1 Qe4+ 65. Kf2
Qe2+ 66. Kg1 Qh2# 0-1

[Event "Sparkassen-Open B"]
[Site "Heusenstamm, Martinsee"]
[Date "2019.11.24"]
[Round "7.40"]
[White "Trenz, Finn"]
[Black "Dehmel, Manfred"]
[Result "1/2-1/2"]
[WhiteElo "1358"]
[BlackElo "1545"]
[PlyCount "63"]
[EventDate "2019.??.??"]
[WhiteTeam "SK Gau-Algesheim"]
[BlackTeam "SC Königsspringer Alzenau"]

1. e4 c5 2. Nf3 d6 3. c4 e5 4. Nc3 Nf6 5. d3 Nc6 6. Bg5 Be7 7. Be2 h6 8. Be3
Bd7 9. a3 a6 10. Qd2 Ng4 11. Nd5 Nxe3 12. Qxe3 Nd4 13. Nxd4 cxd4 14. Qd2 Bg5
15. Qb4 Qb8 16. Nb6 a5 17. Qb3 Ra6 18. Nxd7 Kxd7 19. Qa4+ Ke7 20. O-O Qc7 21.
Bg4 Qc6 22. Qxc6 bxc6 23. g3 Rb8 24. b4 axb4 25. axb4 Rxa1 26. Rxa1 Rxb4 27.
Ra7+ Kf6 28. Ra6 Rb7 29. Rxc6 Ke7 30. c5 dxc5 31. Rxc5 Bf6 32. Be2 1/2-1/2

[Event "Sparkassen-Open B"]
[Site "Heusenstamm, Martinsee"]
[Date "2019.11.24"]
[Round "7.41"]
[White "Krasowitzki, Jan"]
[Black "Baltic, Sara"]
[Result "0-1"]
[WhiteElo "1173"]
[BlackElo "1520"]
[PlyCount "74"]
[EventDate "2019.??.??"]
[WhiteTeam "VSG Offenbach"]
[BlackTeam "SG Porz"]

1. d4 Nf6 2. c4 g6 3. Nc3 d5 4. Bg5 dxc4 5. Bxf6 exf6 6. e4 Nc6 7. Nf3 Bg4 8.
Qa4 Qd7 9. d5 Ne5 10. Qxd7+ Bxd7 11. Nxe5 fxe5 12. Bxc4 c6 13. dxc6 Bxc6 14.
Nb5 Bb4+ 15. Ke2 O-O 16. a3 Ba5 17. b4 Bb6 18. Nd6 Rad8 19. Rhd1 Bd4 20. Nxf7
Rxf7 21. Bxf7+ Kxf7 22. Ra2 Bxe4 23. f3 Bd5 24. Rad2 Bc4+ 25. Rd3 Bb2 26. Ke3
Rxd3+ 27. Rxd3 Bxd3 28. Kxd3 Bxa3 29. b5 Bc5 30. Kc4 Bd6 31. Kd5 Ke7 32. Ke4 a6
33. bxa6 bxa6 34. Kd3 a5 35. Kc3 a4 36. Kc2 a3 37. Kb3 Kf6 0-1

[Event "Sparkassen-Open B"]
[Site "Heusenstamm, Martinsee"]
[Date "2019.11.24"]
[Round "7.42"]
[White "Stosberg, Marc"]
[Black "Gräf, Kilian Gabriel"]
[Result "1-0"]
[WhiteElo "1798"]
[BlackElo "1439"]
[PlyCount "42"]
[EventDate "2019.??.??"]
[WhiteTeam "Sfr. Mörfelden"]
[BlackTeam "SV Frankfurt Nord"]

1. e4 d6 2. d4 Nf6 3. Nc3 g6 4. Bg5 Nbd7 5. f4 c5 6. e5 dxe5 7. dxe5 Nh5 8. Bc4
a6 9. Nf3 b5 10. Bxf7+ Kxf7 11. Qd5+ Ke8 12. Qxa8 h6 13. Qe4 Rg8 14. Bh4 Nb6
15. e6 Qc7 16. g3 Bb7 17. Qe2 Qc6 18. Rf1 Bg7 19. Ne5 Qxe6 20. O-O-O Bxe5 21.
Qxe5 Qh3 1-0

[Event "Sparkassen-Open B"]
[Site "Heusenstamm, Martinsee"]
[Date "2019.11.24"]
[Round "7.43"]
[White "Sarbu, Marc Constantin"]
[Black "Firinci, Erdem"]
[Result "1/2-1/2"]
[WhiteElo "1421"]
[BlackElo "1613"]
[PlyCount "85"]
[EventDate "2019.??.??"]
[WhiteTeam "SC Saarlouis"]
[BlackTeam "SF Heusenstamm"]

1. e4 c5 2. Nf3 d6 3. d4 cxd4 4. Nxd4 e5 5. Bb5+ Bd7 6. Bxd7+ Qxd7 7. Nf3 Nf6
8. Nc3 Be7 9. O-O O-O 10. Bg5 Nc6 11. Bxf6 Bxf6 12. Nd5 Be7 13. Qd2 f5 14. exf5
Rxf5 15. c4 h6 16. b4 Bg5 17. Nxg5 Rxg5 18. b5 Nd4 19. Kh1 Qg4 20. Ne3 Qf4 21.
f3 Rh5 22. g4 Rh3 23. Qg2 Rxf3 24. Rxf3 Qxf3 25. Qxf3 Nxf3 26. Kg2 Nd4 27. Nf5
Nxf5 28. gxf5 Rc8 29. Rd1 Rd8 30. c5 d5 31. c6 bxc6 32. bxc6 d4 33. Kf3 Kf7 34.
Ke4 Kf6 35. c7 Rc8 36. Rc1 d3 37. Rc6+ Ke7 38. Kxd3 Kd7 39. Rg6 Ke7 40. Rxg7+
Kf6 41. Rg6+ Kxf5 42. Rxh6 Rxc7 43. Rh5+ 1/2-1/2

[Event "Sparkassen-Open B"]
[Site "Heusenstamm, Martinsee"]
[Date "2019.11.24"]
[Round "7.44"]
[White "Pichl, Christoph"]
[Black "Winter, Thomas"]
[Result "1/2-1/2"]
[WhiteElo "1611"]
[BlackElo "1434"]
[PlyCount "96"]
[EventDate "2019.??.??"]
[WhiteTeam "SK Bad Homburg"]
[BlackTeam "SV Oberursel"]

1. d4 d6 2. Nf3 g6 3. e4 Bg7 4. Be3 Nd7 5. Nc3 e5 6. d5 Ngf6 7. Bd3 O-O 8. O-O
b6 9. Qd2 Re8 10. Rfe1 Bb7 11. Bg5 c6 12. dxc6 Bxc6 13. Bb5 Qc7 14. Rad1 Bf8
15. a4 a6 16. Bxc6 Qxc6 17. Rc1 Be7 18. Bxf6 Nxf6 19. h3 Red8 20. Nd5 Nxd5 21.
Qxd5 Qxa4 22. b3 Qd7 23. Red1 Rac8 24. Nxe5 Qe6 25. Qxe6 fxe6 26. Nf3 Bf6 27.
c4 Kf7 28. Kf1 Ke7 29. Ke2 a5 30. Rb1 h6 31. g4 g5 32. Rdc1 Rc6 33. b4 a4 34.
b5 Rc5 35. Rb4 a3 36. Ra4 Rdc8 37. Rc2 Bb2 38. Ne1 Bg7 39. Nd3 R8c7 40. Rxa3
Rxc4 41. Rxc4 Rxc4 42. f3 Bd4 43. Ra2 Bc3 44. Rc2 Kd7 45. Nf2 Rc7 46. Kd3 Bf6
47. Rxc7+ Kxc7 48. Kc4 Bd8 1/2-1/2

[Event "Sparkassen-Open B"]
[Site "Heusenstamm, Martinsee"]
[Date "2019.11.24"]
[Round "7.45"]
[White "Gräf, Jakob Vincent"]
[Black "Ziegler, Christopher"]
[Result "1-0"]
[WhiteElo "1609"]
[BlackElo "1408"]
[PlyCount "63"]
[EventDate "2019.??.??"]
[WhiteTeam "SV Frankfurt Nord"]
[BlackTeam "SV Kelsterbach"]

1. e4 e5 2. Nf3 Nc6 3. Bc4 Bc5 4. c3 Nf6 5. d4 exd4 6. cxd4 Bb4+ 7. Nc3 Nxe4 8.
O-O Nxc3 9. bxc3 Be7 10. d5 Na5 11. Bd3 O-O 12. Qa4 c6 13. Qe4 f5 14. Qd4 Bf6
15. Qb4 cxd5 16. Bxf5 Nc6 17. Qc5 Bxc3 18. Bxh7+ Kxh7 19. Qxc3 Qf6 20. Qd3+ Qf5
21. Ng5+ Kg6 22. Qg3 Re8 23. Ne4+ Kh7 24. Nd6 Qe5 25. Bf4 Qe6 26. Nxe8 Qxe8 27.
Qd3+ Qe4 28. Qxe4+ dxe4 29. Bd6 b6 30. Rfe1 Bb7 31. Rxe4 Rc8 32. Rae1 1-0

[Event "Sparkassen-Open B"]
[Site "Heusenstamm, Martinsee"]
[Date "2019.11.24"]
[Round "7.46"]
[White "Englert, Lin"]
[Black "Andrianarison, Ny Koloina"]
[Result "1/2-1/2"]
[WhiteElo "1498"]
[BlackElo "1398"]
[PlyCount "103"]
[EventDate "2019.??.??"]
[WhiteTeam "TV-Großostheim"]
[BlackTeam "ESV Gera"]

1. d4 d5 2. c4 e5 3. dxe5 d4 4. Nf3 Nc6 5. e3 Bb4+ 6. Bd2 dxe3 7. fxe3 Bg4 8.
Bxb4 Qxd1+ 9. Kxd1 Nxb4 10. Nc3 O-O-O+ 11. Kc1 Ne7 12. h3 Bxf3 13. gxf3 Nf5 14.
e4 Ng3 15. Rg1 Nxf1 16. Rxf1 Nd3+ 17. Kc2 Nxe5 18. b3 Rd7 19. f4 Nc6 20. Nd5
Ne7 21. Nxe7+ Rxe7 22. e5 f6 23. exf6 gxf6 24. Rae1 Rhe8 25. Rxe7 Rxe7 26. Kd3
c5 27. Kd2 Kd7 28. Kd3 f5 29. Rg1 Kc6 30. Rg5 Rf7 31. Rh5 Kb6 32. Kc3 Kc7 33.
Kd3 a6 34. a4 Kb6 35. Kc2 Ka5 36. Kc3 b6 37. h4 b5 38. axb5 axb5 39. Rg5 b4+
40. Kc2 Kb6 41. Rh5 Kc7 42. Rh6 Kd7 43. Kd3 Rg7 44. Rf6 Rg3+ 45. Kc2 Rg4 46.
Rxf5 Rxh4 47. Rxc5 Rxf4 48. Rh5 Rf7 49. c5 Kc6 50. Kd3 Kb5 51. Kc2 Rc7 52. Kb2
1/2-1/2

[Event "Sparkassen-Open B"]
[Site "Heusenstamm, Martinsee"]
[Date "2019.11.24"]
[Round "7.47"]
[White "Fischer, Juliane"]
[Black "Hüttinger, Siegfried"]
[Result "1-0"]
[WhiteElo "1369"]
[BlackElo "1510"]
[PlyCount "71"]
[EventDate "2019.??.??"]
[WhiteTeam "SK Gernsheim"]
[BlackTeam "SC Königsspringer Alzenau"]

1. e4 c5 2. Nc3 Nc6 3. f4 e6 4. Nf3 d5 5. Bb5 a6 6. Bxc6+ bxc6 7. d3 d4 8. Ne2
g6 9. O-O Bg7 10. Qe1 a5 11. Ng3 Ne7 12. e5 Ba6 13. Ne4 c4 14. Nd6+ Kf8 15.
dxc4 Nf5 16. Nxf5 gxf5 17. b3 c5 18. Ba3 Rc8 19. Qd2 f6 20. Rad1 fxe5 21. fxe5
Bb7 22. Nxd4 Kf7 23. Nb5 Bxe5 24. Qe3 Rg8 25. g3 Bd4 26. Nxd4 cxd4 27. Rxd4 Qc7
28. Rfd1 Rcd8 29. Rxd8 Rxd8 30. Rxd8 Qxd8 31. Kf2 Qd1 32. Qd3 Qh1 33. Qd7+ Kg6
34. Qxe6+ Kg5 35. Be7+ Kg4 36. Qg8+ 1-0

[Event "Sparkassen-Open B"]
[Site "Heusenstamm, Martinsee"]
[Date "2019.11.24"]
[Round "7.48"]
[White "Schwab, Tizian"]
[Black "Solovej, Philip"]
[Result "1-0"]
[WhiteElo "1495"]
[BlackElo "1245"]
[PlyCount "53"]
[EventDate "2019.??.??"]
[WhiteTeam "TV-Großostheim"]
[BlackTeam "SK Gründau"]

1. e4 e5 2. Nf3 Nc6 3. Bb5 Bc5 4. c3 Nf6 5. O-O d6 6. d4 exd4 7. cxd4 Bb4 8.
Qb3 Ba5 9. d5 a6 10. dxc6 axb5 11. cxb7 Bxb7 12. Qxb5+ Qd7 13. Qxb7 O-O 14. Qb3
Nxe4 15. Bd2 Nxd2 16. Nbxd2 Rab8 17. Qc2 Rfe8 18. Nc4 Bb4 19. a3 Bc5 20. b4 Bb6
21. Nxb6 Rxb6 22. Rfe1 Rbb8 23. Ng5 g6 24. h4 h6 25. Ne4 Qe7 26. Qc3 Kf8 27.
Qh8# 1-0

[Event "Sparkassen-Open B"]
[Site "Heusenstamm, Martinsee"]
[Date "2019.11.24"]
[Round "7.49"]
[White "Richter, Johannes"]
[Black "Keck, Johannes"]
[Result "1/2-1/2"]
[WhiteElo "1348"]
[BlackElo "1263"]
[PlyCount "60"]
[EventDate "2019.??.??"]
[WhiteTeam "Berkershm"]
[BlackTeam "SC Erlangen"]

1. Nf3 Nf6 2. d4 g6 3. c4 Bg7 4. g3 O-O 5. Bg2 d6 6. O-O Nbd7 7. Nc3 e5 8. dxe5
Nxe5 9. Nxe5 dxe5 10. Qc2 c6 11. e4 Be6 12. b3 Qc7 13. Ba3 Rfd8 14. Rad1 Rxd1
15. Rxd1 Rd8 16. Na4 b6 17. c5 b5 18. Nc3 a5 19. b4 axb4 20. Bxb4 Rxd1+ 21.
Qxd1 Bf8 22. a4 bxa4 23. Nxa4 Qd7 24. Qc2 Qa7 25. f3 Qd7 26. Bc3 Qc7 27. Bf1
Nd7 28. Bb4 Qb7 29. Qc3 Qa7 30. Qc2 Qb7 1/2-1/2

[Event "Sparkassen-Open B"]
[Site "Heusenstamm, Martinsee"]
[Date "2019.11.24"]
[Round "7.50"]
[White "Grünzig, Matthias"]
[Black "Pichl, Johann"]
[Result "1/2-1/2"]
[WhiteElo "1457"]
[BlackElo "1315"]
[PlyCount "129"]
[EventDate "2019.??.??"]
[WhiteTeam "Berkershm"]
[BlackTeam "SK Bad Homburg"]

1. d4 Nf6 2. c4 e6 3. Bf4 Bb4+ 4. Nc3 O-O 5. a3 Bxc3+ 6. bxc3 b6 7. e3 Bb7 8.
h3 d6 9. Nf3 Nbd7 10. Bd3 Re8 11. Bc2 h6 12. O-O c5 13. Bxd6 Ne4 14. Bxe4 Bxe4
15. Nd2 Bg6 16. Qf3 e5 17. Qg3 Qf6 18. dxe5 Nxe5 19. Bxe5 Rxe5 20. Qf3 Qxf3 21.
Nxf3 Re4 22. Nd2 Re7 23. Rfe1 Rd8 24. Ra2 Red7 25. Nf3 f6 26. a4 Bf7 27. Rc1
Bxc4 28. Ra3 g5 29. Raa1 a6 30. Kh2 Kf7 31. Kg3 Be6 32. Nh2 Rd3 33. h4 Kg6 34.
hxg5 hxg5 35. Ng4 R8d6 36. c4 R6d4 37. f3 Rxc4 38. e4 Rdd4 39. Rxc4 Rxc4 40.
Rd1 Rd4 41. Rh1 Bxg4 42. Kxg4 f5+ 43. Kg3 fxe4 44. Rb1 exf3 45. Rxb6+ Kh5 46.
Rxa6 fxg2 47. Kxg2 c4 48. Rc6 c3 49. a5 Rd2+ 50. Kg3 Ra2 51. Rxc3 Rxa5 52. Rd3
Ra4 53. Rc3 Rg4+ 54. Kh3 Rd4 55. Kg3 Kg6 56. Rc6+ Kh5 57. Rc3 Rd5 58. Ra3 Rd1
59. Rb3 Re1 60. Ra3 Kg6 61. Ra6+ Kf5 62. Ra5+ Re5 63. Ra3 Rd5 64. Rf3+ Ke4 65.
Ra3 1/2-1/2

[Event "Sparkassen-Open B"]
[Site "Heusenstamm, Martinsee"]
[Date "2019.11.24"]
[Round "7.51"]
[White "Gärtner, Johannes"]
[Black "Köpke, Carolina"]
[Result "0-1"]
[WhiteElo "1344"]
[BlackElo "1453"]
[PlyCount "90"]
[EventDate "2019.??.??"]
[WhiteTeam "SF Heidesheim"]
[BlackTeam "SV Oberursel"]

1. d4 d5 2. c4 e6 3. Nc3 Nf6 4. Nf3 b6 5. e3 Bb7 6. b3 Be7 7. Be2 O-O 8. O-O c5
9. Bb2 Nc6 10. Rc1 dxc4 11. Bxc4 cxd4 12. Nxd4 Nxd4 13. Qxd4 Qxd4 14. exd4 Rfd8
15. Rfd1 Nd5 16. Nxd5 Bxd5 17. Bxd5 Rxd5 18. f4 Bf6 19. b4 Kf8 20. Kf2 Rad8 21.
Ke3 e5 22. Rc4 exf4+ 23. Kxf4 Re8 24. Kf3 Rf5+ 25. Kg4 Rf2 26. Rb1 Rxg2+ 27.
Kh3 Ree2 28. Ba3 Rxh2+ 29. Kg3 Rxa2 30. Rb3 h5 31. b5+ Ke8 32. Rbc3 h4+ 33. Kf4
g5+ 34. Kf5 Rhf2+ 35. Ke4 g4 36. Rc8+ Bd8 37. R3c7 Rxa3 38. Rb7 h3 39. Rbb8 h2
40. Ke5 Re3+ 41. Kd6 Re6+ 42. Kd5 h1=Q+ 43. Kc4 Qc1+ 44. Kb4 Rb2+ 45. Ka3 Qa1#
0-1

[Event "Sparkassen-Open B"]
[Site "Heusenstamm, Martinsee"]
[Date "2019.11.24"]
[Round "7.53"]
[White "Bauer, Laura Sophie"]
[Black "Burow, Roger"]
[Result "0-1"]
[WhiteElo "1356"]
[BlackElo "1670"]
[PlyCount "52"]
[EventDate "2019.??.??"]
[WhiteTeam "SK Neumarkt"]
[BlackTeam "SV Kelsterbach"]

1. e4 e5 2. Nf3 Nc6 3. Bb5 a6 4. Ba4 Nf6 5. O-O Be7 6. Re1 b5 7. Bb3 O-O 8. c3
d5 9. exd5 Nxd5 10. Nxe5 Nxe5 11. Rxe5 Nf6 12. d4 Bd6 13. Re1 Ng4 14. g3 Nxh2
15. Kxh2 Qh4+ 16. Kg1 Bxg3 17. fxg3 Qxg3+ 18. Kh1 Qh3+ 19. Kg1 Qg3+ 20. Kh1 Bg4
21. Nd2 Bxd1 22. Rxd1 Rae8 23. Nf1 Qf3+ 24. Kg1 Re2 25. Ne3 Qf2+ 26. Kh1 Qh2#
0-1